000 00582nam a22001937a 4500
008 150707b xxu||||| |||| 00| 0 alb d
020 _a9789995619428
041 0 _aalb
080 _a303.023
_x(076.2)
100 _aKocani, Aleksandër ;
245 _aUshtrime me metodat e kërkimit sasior në shkencat sociale /
_cAleksandër Kocani.
260 _aTiranë :
_bUFO Press,
_c2009.
300 _a175 f. ;
_c23 cm.
650 0 _aShkenca shoqërore
650 0 _aMetodologjia
650 0 _aProbleme, ushtrime, etj.
650 0 _aTekste për shkollat e larta
942 _2udc
_cBK
999 _c1092
_d1092